Statistics for ヨーロッパの首都

Click here to take the quiz!

General Stats

  • This quiz has been taken 380 times
  • The average score is 26 of 45

Answer Stats

首都% Correct
フランスパリ
98%
イタリアローマ
97%
イギリスロンドン
96%
ドイツベルリン
96%
ロシアモスクワ
91%
オーストリアウィーン
87%
スペインマドリード
84%
ギリシャアテネ
84%
ノルウェーオスロ
80%
ウクライナキエフ
79%
デンマークコペンハーゲン
78%
オランダアムステルダム
77%
ポルトガルリスボン
77%
フィンランドヘルシンキ
72%
モナコモナコ
71%
ベルギーブリュッセル
71%
スウェーデンストックホルム
69%
ポーランドワルシャワ
68%
ハンガリーブダペスト
67%
チェコプラハ
66%
スイスベルン
65%
サンマリノサンマリノ
63%
アイスランドレイキャビク
62%
アイルランドダブリン
59%
ルーマニアブカレスト
51%
ブルガリアソフィア
50%
ベラルーシミンスク
50%
ボスニア・ヘルツェゴビナサラエヴォ
49%
バチカン市国バチカン市国
47%
アンドラアンドラ・ラ・ベリャ
46%
エストニアタリン
44%
ルクセンブルクルクセンブルク市
43%
ラトビアリガ
42%
セルビアベオグラード
38%
スロバキアブラチスラバ
32%
クロアチアザグレブ
31%
スロベニアリュブリャナ
27%
アルバニアティラナ
26%
マルタバレッタ
25%
リヒテンシュタインファドゥーツ
25%
リトアニアビリニュス
24%
モルドバキシナウ
23%
北マケドニアスコピエ
20%
コソボプリシュティナ
16%
モンテネグロポドゴリツァ
14%

Score Distribution

Percentile by Number Answered

Percent of People with Each Score

Your Score History

You have not taken this quiz